Hồi ký Trần Văn Khê Tập 2
保存先:
| 第一著者: | |
|---|---|
| フォーマット: | 図書 |
| 出版事項: |
Hà Nội; TP. Hồ Chí Minh
Thời đại; Phương Nam Book
2013
|
| 主題: | |
| タグ: |
タグ追加
タグなし, このレコードへの初めてのタグを付けませんか!
|
| Thư viện lưu trữ: | Trung tâm Học liệu Lê Vũ Hùng, Trường Đại học Đồng Tháp |
|---|
| LEADER | 00825pmm a22002418a 4500 | ||
|---|---|---|---|
| 001 | 00040651 | ||
| 005 | 20171225151236.0 | ||
| 008 | 161027s2015 ||||||Viesd | ||
| 041 | 0 | # | |a Vie |
| 082 | 1 | 4 | |a 780.92 |b H452K |
| 100 | 0 | # | |a Trần, Văn Khê |
| 245 | 0 | 0 | |h nguồn liệu điện tử |b Tập 2 |a Hồi ký Trần Văn Khê |c Trần Văn Khê |
| 260 | # | # | |c 2013 |a Hà Nội; TP. Hồ Chí Minh |b Thời đại; Phương Nam Book |
| 300 | # | # | |e Sách |a 1 CD |c 43/4 inch. |
| 653 | # | # | |a Câu chuyện |
| 653 | # | # | |a Đĩa CD |
| 653 | # | # | |a Lịch sử |
| 653 | # | # | |a Tiểu sử |
| 653 | # | # | |a Việt Nam |
| 653 | # | # | |a Âm nhạc dân tộc |
| 852 | # | # | |j DPT.0004000 |
| 910 | |d 25/12/2017 | ||
| 980 | # | # | |a Trung tâm Học liệu Lê Vũ Hùng, Trường Đại học Đồng Tháp |